000 00900nam a22002532 4500
001 0000002269
005 20151217151846.0
008 070405s xx 000 0 eng d
020 _a025625981X :
_cKES 500 (donation)
040 _aKABU
_cKABU
050 0 _aHF5438.25
_b.F88 1999
100 1 _aFutrell, Charles.
_@0000151575
245 1 0 _aFundamentals of selling :
_bcustomers for life /
_cCharles M. Futrell.
250 _a6th ed.
260 _aBoston :
_bIrwin/McGraw-Hill,
_cc1999.
300 _axxiii, 584 p. :
_bill. (some Col.) ;
_c26 cm +
_e1 computer laser optical disc (4 3/4 in. )
440 4 _aThe Irwin/McGraw-Hill series in marketing
_@0000151576
500 _aIncludes indexes.
650 0 _aSelling.
_@0000083908
908 _a070405
950 _@1
999 _c5750
_d5750